| 000 | 00700nam a22001937a 4500 | ||
|---|---|---|---|
| 999 |
_c19301 _d19301 |
||
| 003 | AR-CdUCM | ||
| 008 | 190517b ||||| |||| 00| 0 spa d | ||
| 040 |
_aMUNICIPALIDAD PROVINCIAL DEL CUSCO _cBIBLIOTECA MUNICIPAL DEL CUSCO |
||
| 082 |
_25ed. _a951 / _bL67 |
||
| 100 |
_aLin, Yutang _99977 |
||
| 245 | _aMi patria y mi pueblo / | ||
| 260 |
_aBuenos Aires : _bSudamericana, _c1945. |
||
| 300 |
_a441 páginas ; _c21 cm. |
||
| 505 | _aContenido: El pueblo chino -- El carácter chino -- La mente china -- Ideales de la vida -- La vida de la mujer... | ||
| 650 |
_aCivilización china _935698 |
||
| 700 |
_aJiménez, Román A. (traductor) _940562 |
||
| 942 |
_2ddc _cLIBROS |
||
| 945 |
_aacv _d2019-05-17 |
||